Analytical techniques in agriculture, biotechnology and environmental engineering (Record no. 847)

MARC details
000 -LEADER
fixed length control field 00944 a2200229 4500
008 - FIXED-LENGTH DATA ELEMENTS--GENERAL INFORMATION
fixed length control field 080821t xxu||||| |||| 00| 0 eng d
010 ## - LIBRARY OF CONGRESS CONTROL NUMBER
LC control number ENG-84994
020 ## - INTERNATIONAL STANDARD BOOK NUMBER
International Standard Book Number 8120329570
Terms of availability 175.00
035 ## - SYSTEM CONTROL NUMBER
System control number EN-68527
037 ## - SOURCE OF ACQUISITION
Source of stock number/acquisition D.B.Act / Pub
082 ## - DEWEY DECIMAL CLASSIFICATION NUMBER
Classification number 543.089
100 ## - MAIN ENTRY--PERSONAL NAME
Personal name Nag, A.
245 ## - TITLE STATEMENT
Title Analytical techniques in agriculture, biotechnology and environmental engineering
Statement of responsibility, etc by A. Nag
260 ## - PUBLICATION, DISTRIBUTION, ETC. (IMPRINT)
Place of publication, distribution, etc New Delhi
Name of publisher, distributor, etc Prentice-Hall of India
Date of publication, distribution, etc 2006
300 ## - PHYSICAL DESCRIPTION
Extent xi, 172 p. ;
Dimensions 24 cm. (Pbk)
500 ## - GENERAL NOTE
General note Includes bibliographical references and index
650 ## - SUBJECT ADDED ENTRY--TOPICAL TERM
Topical term or geographic name as entry element Agriculture
General subdivision analytical techniques
650 ## - SUBJECT ADDED ENTRY--TOPICAL TERM
Topical term or geographic name as entry element Biotechnology
General subdivision analytical techniques
650 ## - SUBJECT ADDED ENTRY--TOPICAL TERM
Topical term or geographic name as entry element Environmental engineering
General subdivision analytical techniques
942 ## - ADDED ENTRY ELEMENTS (KOHA)
Institution code [OBSOLETE] dpl
Koha item type English Books
Call number prefix 543.089 / NAG
Source of classification or shelving scheme Dewey Decimal Classification
Classification part 543.089
Call number suffix NAG
Holdings
Withdrawn status Lost status Damaged status Not for loan Home library Current library Date acquired Cost, normal purchase price Total Checkouts Full call number Barcode Date last seen Copy number Uniform Resource Identifier Cost, replacement price Price effective from Koha item type
        D.B.Act.Division D.B.Act.Division 21/08/2008 175.00   543.089 NAG EN-68527 15/09/2008 1 859 175.00 15/09/2008 English Books

© Delhi Public Library
Hit Counter
free hit counter